One size fits all is back (Record no. 76434)

MARC details
000 -LEADER
fixed length control field 00960cab a2200193 4500
001 - CONTROL NUMBER
control field ##L132425
008 - FIXED-LENGTH DATA ELEMENTS--GENERAL INFORMATION
fixed length control field 060206n2006 000 0 eng u
035 ## - SYSTEM CONTROL NUMBER
System control number (Sirsi) u132425
041 0# - LANGUAGE CODE
Language code of text/sound track or separate title eng
100 1# - MAIN ENTRY--PERSONAL NAME
Personal name Blackman, David
245 00 - TITLE STATEMENT
Title One size fits all is back
260 ## - PUBLICATION, DISTRIBUTION, ETC.
Date of publication, distribution, etc. 2006
490 #0 - SERIES STATEMENT
Series statement Axis
Volume/sequential designation 59(3) January 2006, 8-10(3)
520 ## - SUMMARY, ETC.
Summary, etc. Warns that the return to high-density housing solutions in recent years is a crisis in the making. The proliferation of tower blocks across the UK's major cities provides the most visible evidence of the high-density boom. Summarises the Urban Task Force's latest housing recommendations, reports on the US government's Hope VI programme to redevelop social housing estates as mixed-tenure communities and reviews the ODPM's PPS3 details on density.
590 ## - LOCAL NOTE (RLIN)
Local note IKA140206
650 24 - SUBJECT ADDED ENTRY--TOPICAL TERM
Topical term or geographic name entry element PLANNING POLICY STATEMENT 3
690 ## - LOCAL SUBJECT ADDED ENTRY--TOPICAL TERM (OCLC, RLIN)
Topical term or geographic name as entry element PROPERTY-RESIDENTIAL PROPERTY-RESIDENTIAL PROPERTY DEVELOPMENT
942 ## - ADDED ENTRY ELEMENTS (KOHA)
Suppress in OPAC 0
Holdings
Withdrawn status Lost status Source of classification or shelving scheme Damaged status Not for loan Home library Current library Shelving location Date acquired Total Checkouts Full call number Barcode Date last seen Copy number Price effective from Koha item type
    Dewey Decimal Classification     London London Journal article 06/02/2006   L132425 132425-1001 06/08/2019 1 06/08/2019 Journal article